| 000 | 00639nam a2200229 a 4500 | ||
|---|---|---|---|
| 003 | BD-DhJNU | ||
| 005 | 20250730062025.0 | ||
| 008 | 190402s1991 cou|b||g |||| 001 0|eng d | ||
| 020 | _a0813307341 | ||
| 040 |
_aBD-DhJNU _bENG _cBD-DhJNU _dBD-DhJNU |
||
| 082 | 0 | 0 |
_a955.0542 CHI _223 |
| 100 | 1 | _aChubin, Shahram | |
| 245 | 0 | 0 |
_aIran and Iraq at war / _cShahram Chubin and Charles Tripp |
| 260 |
_aBoulder : _bWestview Press, _c1991. |
||
| 300 |
_ax,318 p. : _bill., maps. ; _c23 cm. |
||
| 500 | _aIncludes index. | ||
| 650 | 0 | _aMiddle East Iran | |
| 650 | 4 | _aHistory Iraq | |
| 650 | 4 | _aHistory | |
| 700 | 1 | _aTripp, Charles | |
| 942 | _cBK | ||
| 999 |
_c1959 _d1959 |
||